00902nam a2200265 a 450000500170000000800410001701000140005802000260007202000230009803500130012103700150013404000180014908200120016710000180017924500880019726000460028527000640033130000260039550000500042152000290047165000280050065000300052865000440055865100340060220090811113351.0090326s2009 ii b 001 0 eng  aENG-94711 a9780195697353c795.00 a0195697359c795.00 aEN-78244 bDBAD / PUB adplbEnglish  a338.954 aMohan, Rakesh aMonetary policy in a globalized economy :ba practitioner's view /cby Rakesh Mohan aNew Delhi bOxford University Pressc2009 aYMCA Library Building, Jai Singh Road, bNew Delhi e110001 axx, 328p. c24cm(Hb)  aIncludes bibliographical references and index aWith reference to India. aMonetary policyzIndia. aBanks and bankingzIndia. aGlobalizationxEconomic aspectszIndia. aIndiaxEconomic policyy1991-